Normal view
MARC view
- تأليف عبد الرزاق، أسعد ؛ م.مشارك عوني كرومي
Entry Personal Name
001 - CONTROL NUMBER
- control field: 17266
003 - CONTROL NUMBER IDENTIFIER
- control field: JO-AjAnu
005 - DATE AND TIME OF LATEST TRANSACTION
- control field: 20230606073043.0
008 - FIXED-LENGTH DATA ELEMENTS
- fixed length control field: 230606|| aca||aabn | a|a d
040 ## - CATALOGING SOURCE
- Original cataloging agency: JO-AjAnu
- Transcribing agency: JO-AjAnu
100 ## - HEADING--PERSONAL NAME
- Personal name: تأليف عبد الرزاق، أسعد ؛ م.مشارك عوني كرومي
670 ## - SOURCE DATA FOUND
- Source citation: Work cat.: (JO-AjAnu)8865: تأليف عبد الرزاق، أسعد ؛ م.مشارك عوني كرومي, author, طرق تدريس التمثيل